Química /
Guardado en:
| Autor Principal: | |
|---|---|
| Formato: | Libro |
| Idioma: | Spanish English |
| Publicado: |
México, D.F. :
McGraw-Hill Interamericana,
c2002.
|
| Edición: | 7a ed. |
| Etiquetas: |
Agregar Etiqueta
Sin Etiquetas, Sea el primero en etiquetar este registro!
|
| LEADER | 00833nam a22002055a 4500 | ||
|---|---|---|---|
| 001 | EEA.libagro009095 | ||
| 005 | 20180622123157.0 | ||
| 008 | 061228s2002####mx#a##########001#0#spa#d | ||
| 020 | |a 9701038940 | ||
| 041 | 1 | |a spa |h eng | |
| 082 | 0 | 4 | |a 540 |2 21 |
| 100 | 1 | |a Chang, Raymond. | |
| 245 | 1 | 0 | |a Química / |c Raymond Chang ; traducción: Ma. del Carmen Ramírez Medeles, Rosa Zugazagoltía Herranz ; revisión técnica: María Aurora Lanto Arriola ... [et al.]. |
| 250 | |a 7a ed. | ||
| 260 | |a México, D.F. : |b McGraw-Hill Interamericana, |c c2002. | ||
| 300 | |a xxxvi, 1001, [50] p. : |b il. col. ; |c 27 cm. | ||
| 500 | |a Traducción de: Chemistry, 7th ed.; publicado por McGraw-Hill, c2002. | ||
| 500 | |a Incluye índice. | ||
| 859 | |a AR-BbBCA |b BIB. AGRONOMIA |h 540 |i C456a7 |p 2005/4812 | ||
| 859 | |a AR-BbBCA |b BIB. AGRONOMIA |h 540 |i C456a7 |p 2006/4952 |t Ej.2 | ||
